000 00745nam a2200241Ia 4500
003 GCL
008 140319s9999 xx 000 0 ara d
040 _aGCL /
_cGCL
082 0 4 _a962.054
_bن ص
100 1 _aنوال عبدالعزيز مهدى
245 1 0 _aصدقى والاخوان ووفد السودان عام 1946 م /
_cنوال عبدالعزيز مهدى
260 _a[S.N] :
_bدائرة الاعلام ،
_c1988
300 _a206 ص
490 _a
650 0 4 _aالعصر الحديث
650 0 4 _aمصر
650 0 4 _aالسودان
650 0 4 _aالعلاقات الخارجية
650 0 4 _aالتاريخ
650 0 4 _aمصر البطالة
650 0 4 _aالاخوان المسلمون
942 _2ddc
_cBK
999 _c32479
_d32479